Evangelii gaudium. Sobre el anuncio del Evangelio en el mundo actual. Exhortación apostólica de S.S. Francisco.
I tiakina i:
| Kaituhi matua: | |
|---|---|
| Hōputu: | Pukapuka |
| Reo: | Pāniora |
| I whakaputaina: |
Santiago, Chile:
Pontificia Universidad Católica de Chile, Dirección de Pastoral y Cultura Cristiana, Conferencia Episcopal,
2013.
|
| Ngā marau: | |
| Ngā Tūtohu: |
Tāpirihia he Tūtohu
Kāore He Tūtohu, Me noho koe te mea tuatahi ki te tūtohu i tēnei pūkete!
|
MARC
| LEADER | 00000cam a2200000 a 4500 | ||
|---|---|---|---|
| 001 | UCE1691 | ||
| 003 | CL-VaPUC | ||
| 005 | 20250422125736.0 | ||
| 008 | 140508e20131200cl |||||||||||||||||spa|d | ||
| 999 | |c 355423 |d 355421 | ||
| 020 | |a 978-956-14-1392-4 | ||
| 040 | |c Pontificia Universidad Católica de Valparaíso | ||
| 082 | 0 | 4 | |a 262.91 FRA 2013 |2 21 |
| 100 | |a Francisco, |c Papa |e autor |9 877620 | ||
| 245 | 1 | 0 | |a Evangelii gaudium. |b Sobre el anuncio del Evangelio en el mundo actual. Exhortación apostólica de S.S. Francisco. |
| 260 | |a Santiago, Chile: |b Pontificia Universidad Católica de Chile, |b Dirección de Pastoral y Cultura Cristiana, |b Conferencia Episcopal, |c 2013. | ||
| 300 | |a 220 páginas. | ||
| 500 | |a c.7 Donación Familia Prof. Alejandro Guzmán Brito. c.8-9. Donación Padre Rafael Osorio. Memo Ali 13/10/2022 | ||
| 583 | |a last modification |c 20140508 16:03:00 |k Rodrigo Vera | ||
| 650 | 0 | |a Encíclicas |9 255643 | |
| 650 | 0 | |a Documentos pontificios |9 255642 | |
| 942 | |c BK |2 ddc |n 0 | ||
| 945 | |d 20140508 16:03:00 |a dcastane | ||
| 952 | |0 0 |1 0 |3 erb |4 0 |6 262_910000000000000_FRA_2013 |7 0 |8 A |9 462134 |a BIBTEO |b BIBTEO |i 5071755 |o 262.91 FRA 2013 |p 5071755 |r 2025-01-17 |w 2019-11-23 |y BK |z Catalogado en:20140508 |k ICR | ||
| 952 | |0 0 |1 0 |3 erb |4 0 |6 262_910000000000000_FRA_2013 |7 0 |8 A |9 462135 |a BIBTEO |b BIBTEO |i 5071763 |l 3 |m 2 |o 262.91 FRA 2013 |p 5071763 |r 2025-01-17 |s 2024-04-24 |w 2019-11-23 |y BK |z Catalogado en:20140508 |k ICR | ||
| 952 | |0 0 |1 0 |3 erb |4 0 |6 262_910000000000000_FRA_2013 |7 0 |8 A |9 462136 |a BIBTEO |b BIBTEO |i 5071771 |l 1 |o 262.91 FRA 2013 |p 5071771 |r 2025-01-17 |s 2023-08-16 |w 2019-11-23 |y BK |z Catalogado en:20140508 |k ICR | ||
| 952 | |0 0 |1 0 |3 erb |4 0 |6 262_910000000000000_FRA_2013 |7 0 |8 A |9 462137 |a BIBTEO |b BIBTEO |i 5251125 |o 262.91 FRA 2013 |p 5251125 |r 2025-01-17 |w 2019-11-23 |y BK |z Catalogado en:20151120 |k ICR | ||
| 952 | |0 0 |1 0 |3 erb |4 0 |6 262_910000000000000_FRA_2013 |7 0 |8 A |9 462138 |a BIBTEO |b BIBTEO |i 5251117 |l 2 |o 262.91 FRA 2013 |p 5251117 |r 2025-01-17 |s 2023-08-30 |w 2019-11-23 |y BK |z Catalogado en:20151120 |k ICR | ||
| 952 | |0 0 |1 0 |3 erb |4 0 |6 262_910000000000000_FRA_2013 |7 0 |8 A |9 462139 |a BIBAGR |b BIBAGR |i 5401666 |o 262.91 FRA 2013 |p 5401666 |r 2025-01-20 |w 2019-11-23 |y BK |z Catalogado en:20170626 |k AGR | ||
| 952 | |0 0 |1 0 |2 ddc |4 0 |6 262_910000000000000_FRA_2013 |7 1 |8 C_AGB |9 581178 |a BIBDER |b BIBDER |d 2022-02-07 |e Donación |i 5645255 |o 262.91 FRA 2013 |p 5645255 |r 2023-01-25 |t 7 |w 2022-02-07 |y BK_US |k AGB | ||
| 952 | |0 0 |1 0 |2 ddc |4 0 |6 262_910000000000000_FRA_2013 |7 0 |8 A |9 587470 |a BIBALI |b BIBALI |c GEN |d 2022-10-25 |e Donación |i 5655357 |o 262.91 FRA 2013 |p 5655357 |r 2025-01-20 |t 8 |w 2022-10-25 |y BK |k ALI | ||
| 952 | |0 0 |1 0 |2 ddc |4 0 |6 262_910000000000000_FRA_2013 |7 0 |8 A |9 587471 |a BIBALI |b BIBALI |c GEN |d 2022-10-25 |e Donación |i 5655358 |o 262.91 FRA 2013 |p 5655358 |r 2025-01-20 |t 9 |w 2022-10-25 |y BK |k ALI | ||
| 952 | |0 0 |1 0 |2 ddc |4 0 |6 262_910000000000000_FRA_2013 |7 0 |8 A |9 591234 |a BIBTEO |b BIBTEO |c GEN |d 2023-08-16 |e Donación |i 5607329 |o 262.91 FRA 2013 |p 5607329 |r 2025-01-17 |t 10 |w 2022-10-25 |y BK |k ICR | ||